00597cam a22002291 4500001001300000003000400013005001700017008004100034010001700075035002000092040001800112042001200130050001600142100001900158245002300177260002700200300002300227500001500250650006300265740002200328999001700350sa 67001384 DLC20260227112322.0881102s1965 xx 000 0 hino  asa 67001384  a(OCoLC)23539313 aDLCcMiUdDLC apremarc00aPK1939b.R32 aRaman Nair, N.10aHindiyilēykkȧ. a[Kothamangalam?c1965] a216, iv p.c18 cm. aRomanized. 0aHindi languagexTextbooks for foreign speakersxMalayalam.0 aHindī kī ora. c72587d72587